000 00863nam a2200181 i 4500
001 20722
003 ES-MaACL
005 20230906152342.0
007 t|
008 021118s19681969sp ||||1| spa d
111 2 _aCongreso Internacional de Estudios Pirenaicos (
_n5º.
_d1966.
_cJaca)
_9428
245 1 0 _aActas del Quinto Congreso Internacional de Estudios Pirenaicos
_b: Jaca, Pamplona, 1966.
260 _aJaca :
_bInstituto de Estudios Pirenaicos,
_c1968-1969.
300 _a3 v. ;
_c24 cm.
505 8 _aT. I. Geología, Morfología y Geofísica -- T. III. Prehistoria, Antropología y Etnología. Geografía, Historia del Arte y Derecho. Filología y Linguística -- T. IV. Actas generales. Crónica. Coloquio sobre la vida y economía pirenaica. Conclusiones
710 2 _aInstituto de Estudios Pirenaicos.
_94922
852 _aES-MaACL
_jP-1627
_bR.69594
999 _c20722
_d20722